| 000 | 00696nam a2200193Ia 4500 | ||
|---|---|---|---|
| 003 | GCL | ||
| 008 | 140319s9999 xx 000 0 ara d | ||
| 040 |
_aGCL / _cGCL |
||
| 082 | 0 | 4 |
_a339.523 _bم ت |
| 100 | 1 | _aمحمد عمر ابودوح | |
| 245 | 1 | 0 |
_aترشيد الانفاق العام وعلاج عجز ميزانية الدولة / _cمحمد عمر ابودوح |
| 260 |
_aالقاهرة : _bالدار الجامعية ، _c2006 |
||
| 300 |
_a260 ص ؛ _c24 سم |
||
| 650 | 0 | 4 | _aالميزانية |
| 650 | 0 | 4 | _aالاستثمارات الخارجية - مصر |
| 650 | 0 | 4 | _aالميزانية - مصر |
| 650 | 0 | 4 | _aمصر - الايرادات والنفقات |
| 942 |
_2ddc _cBK |
||
| 999 |
_c7891 _d7891 |
||